Serie B 2025/26 - Statystyki

Ogólne statystyki
  • Ten quiz został rozwiązany 27 razy
    19 od ostatniego zresetowania
  • Średni wynik to 10 z 20
Statystyki odpowiedzi
Drużyna % Poprawnych
Palermo
89%
Bari
83%
Venezia
83%
Sampdoria
78%
Modena
72%
Monza
67%
Empoli
61%
Spezia
61%
Frosinone
56%
Juve Stabia
50%
Pescara
50%
Catanzaro
44%
Cesena
44%
Avellino
39%
Südtirol
33%
Virtus Entella
28%
Mantova
11%
Padova
11%
Reggiana
11%
Carrarese
6%
Nie znaleziono quizów pasujących do podanych kryteriów
Rozkład punktacji
Procent ludzi z każdym wynikiem
Percentyl według liczby udzielonych odpowiedzi
Twoja historia wyników
Nie rozwiązałeś tego quizu od ostatniego zresetowania